Izolácia a charakterizácia baktérií mliečneho kysnutia z črevného traktu človeka
Guardado en:
| Autor principal: | |
|---|---|
| Formato: | Libro |
| Lenguaje: | eslovaco |
| Publicado: |
Bratislava
STU FCHPT
2012
|
| Acceso en línea: | Ver en el OPAC |
| Etiquetas: |
Sin Etiquetas, Sea el primero en etiquetar este registro!
|
MARC
| LEADER | 00000nam a2200000 a 4500 | ||
|---|---|---|---|
| 005 | 20260127134101.0 | ||
| 008 | 120828 2012 xo 000 0 slo d | ||
| 035 | |a vtls010444833 | ||
| 039 | 9 | |y 201208281017 |z mschk03 | |
| 040 | |a STUSCHK1 |b slo |c STUSCHK1 |e AACR2 | ||
| 100 | 1 | |a Nagyová, Kristína | |
| 245 | 1 | |a Izolácia a charakterizácia baktérií mliečneho kysnutia z črevného traktu človeka |c Kristína Nagyová | |
| 260 | |a Bratislava |b STU FCHPT |c 2012 | ||
| 300 | |a 53 s. |b il. |c 30 cm | ||
| 500 | |a Obháj.: 9.7. 2012 | ||
| 500 | |a Študijný program: výživa a ochrana zdravia | ||
| 500 | |a Študijný odbor: 5.2.24 potravinárstvo | ||
| 500 | |a Bakalárska práca | ||
| 500 | |a FCHPT, Oddelenie výživy a hodnotenia potravín | ||
| 500 | |a Evidenčné číslo: 5453-68703 | ||
| 910 | |a SCHK95 | ||
| 999 | |c 3697 |d 3697 | ||